[Event "Accademia Cup"]
[Site "Roma ITA"]
[Date "1997.??.??"]
[Round "?"]
[White "Mazziotto, Nicola"]
[Black "Galeno, Giorgio"]
[Result "0-1"]
[WhiteElo "1522"]
[BlackElo "1725"]
[PlyCount "78"]
[EventDate "1997.??.??"]

1. e4 d6 2. d4 Nf6 3. Nc3 g6 4. Nf3 Bg7 5. h3 O-O 6. Be3 c6 7. a4 a5 8. Qd2 Re8
9. Bh6 Bh8 10. Bc4 Na6 11. O-O Nb4 12. Rad1 d5 13. exd5 Nbxd5 14. Rfe1 Qc7 15.
Ne5 e6 16. Ne4 Nxe4 17. Rxe4 Bd7 18. b3 b5 19. Bxd5 exd5 20. Qf4 Bf5 21. Re2
bxa4 22. bxa4 Qb7 23. g4 Be6 24. Re3 Qb4 25. Rb3 Qxa4 26. Rb7 Qxc2 27. Re1 f6
28. Nxg6 Qxg6 29. Kh2 Bf7 30. Ree7 Rxe7 31. Rxe7 Re8 32. Ra7 Bg7 33. Bxg7 Kxg7
34. Qc7 Re2 35. Kg3 h5 36. Qxc6 hxg4 37. hxg4 Qd3+ 38. Kh4 Qxd4 39. Qd7 Qxf2+
0-1

[Event "Accademia Cup"]
[Site "Roma ITA"]
[Date "1997.??.??"]
[Round "?"]
[White "Mazziotto, Nicola"]
[Black "Trebeschi, Andrea"]
[Result "1/2-1/2"]
[WhiteElo "1522"]
[BlackElo "1699"]
[PlyCount "107"]
[EventDate "1997.??.??"]

1. e4 d6 2. d4 Nf6 3. Nc3 g6 4. Nf3 Bg7 5. h3 O-O 6. Be3 Nbd7 7. Qd2 c6 8. a4
a5 9. Bh6 b6 10. Bxg7 Kxg7 11. Bc4 e6 12. e5 Ne8 13. O-O Ba6 14. Bxa6 Rxa6 15.
Rfe1 d5 16. Ne2 Nc7 17. Nf4 Qe7 18. c3 c5 19. Re3 c4 20. h4 Raa8 21. Nh2 Rh8
22. Rg3 h5 23. Rg5 Rag8 24. Qe2 Kf8 25. Qf3 Ke8 26. Re1 Kd8 27. Qg3 Qe8 28. Nf3
Nb8 29. Ra1 Nc6 30. Nd2 Ne7 31. Qf3 Nf5 32. g3 Ke7 33. Nf1 Qd7 34. Ne3 Nxe3 35.
fxe3 Kd8 36. Ne2 Rf8 37. e4 dxe4 38. Qxe4 Qd5 39. Qe3 Qc6 40. Nf4 Nd5 41. Qf3
Qd7 42. Nxd5 exd5 43. Qf6+ Kc7 44. Kg2 Rhg8 45. Ra3 Qe6 46. Qf4 Kc6 47. Qf6
Qxf6 48. exf6 Re8 49. Kf3 Re6 50. Re5 Rxf6+ 51. Kg2 Rd8 52. b3 Rdd6 53. bxc4
dxc4 54. Ra2 1/2-1/2

[Event "Accademia Cup"]
[Site "Roma ITA"]
[Date "1997.??.??"]
[Round "?"]
[White "Melega, Gianluigi"]
[Black "Anella, Sandro"]
[Result "1-0"]
[WhiteElo "1513"]
[BlackElo "1693"]
[PlyCount "65"]
[EventDate "1997.??.??"]

1. g4 e5 2. Bg2 h5 3. gxh5 Rxh5 4. e3 Nf6 5. c4 Rg5 6. Kf1 d5 7. h4 Rxg2 8.
Kxg2 Nc6 9. Nc3 dxc4 10. Qa4 Bb4 11. Nge2 Nd5 12. a3 Bxc3 13. bxc3 Be6 14. Ng3
Qd7 15. Qc2 f5 16. Kg1 e4 17. a4 O-O-O 18. a5 Ne5 19. a6 b6 20. Qa4 Nf3+ 21.
Kg2 Qe7 22. Qc6 Rd6 23. Qa8+ Kd7 24. Ba3 Nxh4+ 25. Rxh4 Qxh4 26. Bxd6 f4 27.
Bxf4 Bh3+ 28. Kg1 Nf6 29. Nxe4 Be6 30. Nxf6+ gxf6 31. Qxa7 Bd5 32. Qxc7+ Ke6
33. Qd6+ 1-0

[Event "Accademia Cup"]
[Site "Roma ITA"]
[Date "1997.??.??"]
[Round "?"]
[White "Melega, Gianluigi"]
[Black "Perotti, Germano"]
[Result "1-0"]
[WhiteElo "1513"]
[BlackElo "1717"]
[PlyCount "101"]
[EventDate "1997.??.??"]

1. g4 d5 2. Bg2 Bxg4 3. c4 c6 4. cxd5 cxd5 5. Qb3 Qc8 6. Nc3 e6 7. Qa4+ Nc6 8.
Qxg4 Nb4 9. Kf1 Nf6 10. Qh3 d4 11. Ne4 Nxa2 12. Nxf6+ gxf6 13. Nf3 Nxc1 14.
Nxd4 Na2 15. Qb3 Nb4 16. Qa4+ Qd7 17. Qxd7+ Kxd7 18. Bxb7 Rb8 19. Rxa7 Bc5 20.
Bc6+ Kc8 21. Rxf7 Bxd4 22. Bd7+ Kc7 23. Ba4+ Kb6 24. b3 Rbc8 25. Kg2 Rc2 26. e3
Bb2 27. Rd1 h5 28. d4 Nd5 29. Kf3 Rg8 30. Bd7 Nc3 31. Rf1 e5 32. Rxf6+ Kc7 33.
Be6 exd4 34. Bxg8 dxe3 35. fxe3 Rxh2 36. Rf7+ Kd6 37. Rf2 Rh3+ 38. Kf4 Nd5+ 39.
Kf5 Nxe3+ 40. Kg6 Bc3 41. R7f3 Rxf3 42. Rxf3 Bd2 43. Kxh5 Kc5 44. Rf2 Ba5 45.
Ra2 Bb4 46. Kg5 Nd1 47. Rc2+ Bc3 48. Kf4 Kb4 49. Ra2 Nb2 50. Ke3 Bg7 51. Kd2
1-0

[Event "Accademia Cup"]
[Site "Roma ITA"]
[Date "1997.??.??"]
[Round "?"]
[White "Melega, Gianluigi"]
[Black "Pierangeli, Andrea"]
[Result "0-1"]
[WhiteElo "1513"]
[BlackElo "1729"]
[PlyCount "100"]
[EventDate "1997.??.??"]

1. g4 Nf6 2. g5 Nh5 3. e3 g6 4. Bg2 e5 5. h4 d5 6. Nc3 Be6 7. d4 exd4 8. exd4
c6 9. Be3 Qc7 10. Qd2 Nd7 11. Nge2 Nb6 12. b3 Bd6 13. a4 O-O 14. Bf3 Ng7 15.
Bf4 Rae8 16. Bxd6 Qxd6 17. a5 Nd7 18. O-O Nf5 19. h5 Nh4 20. Bh1 Bh3 21. Rfe1
Bg4 22. Qf4 Qxf4 23. Nxf4 gxh5 24. Nce2 Nf3+ 25. Bxf3 Bxf3 26. Ng3 Kg7 27. Nf5+
Kh8 28. Nh6 Re4 29. Rxe4 Bxe4 30. Nxh5 f6 31. Nf4 fxg5 32. Ne6 Rf6 33. Nxg5
Rxh6 34. Nf7+ Kg7 35. Nxh6 Kxh6 36. c3 Kg5 37. Re1 Kf4 38. Re3 Nf6 39. Rh3 h5
40. Kf1 Bf3 41. Ke1 Ne4 42. c4 Kg4 43. Rh2 h4 44. cxd5 cxd5 45. b4 a6 46. Kf1
h3 47. Ke1 Bg2 48. Ke2 Ng3+ 49. Ke1 Nf5 50. f4 Kg3 0-1

[Event "Accademia Cup"]
[Site "Roma ITA"]
[Date "1997.??.??"]
[Round "?"]
[White "Monteleone, Antonio"]
[Black "Berrino, Umberto"]
[Result "1-0"]
[WhiteElo "2195"]
[BlackElo "1672"]
[PlyCount "119"]
[EventDate "1997.??.??"]

1. d4 d5 2. c4 e6 3. Nc3 Nf6 4. cxd5 exd5 5. Bg5 Be7 6. Qc2 Nbd7 7. e3 c6 8.
Bd3 O-O 9. Nge2 Re8 10. O-O Nf8 11. Rab1 Ng6 12. b4 Ng4 13. Bxe7 Qxe7 14. h3
Nf6 15. Ng3 a6 16. a4 Bd7 17. b5 axb5 18. axb5 cxb5 19. Bxb5 Rec8 20. Bxd7 Qxd7
21. Qb3 h6 22. Rfc1 Rab8 23. Qb5 Qxb5 24. Nxb5 Rxc1+ 25. Rxc1 Ne8 26. Nf5 b6
27. Ra1 Kf8 28. Ra7 h5 29. Kf1 Nf6 30. Ke2 Nh8 31. f3 g5 32. Kd3 g4 33. hxg4
hxg4 34. fxg4 Nxg4 35. Rd7 Rc8 36. Rxd5 Nf2+ 37. Ke2 Ne4 38. Kf3 Nd2+ 39. Kg4
f6 40. Rd6 Kf7 41. Rxb6 Rg8+ 42. Kh3 Ne4 43. Nh6+ Kg7 44. Nxg8 Kxg8 45. Kg4 Nf7
46. Kf5 Ng3+ 47. Kxf6 Ne4+ 48. Kg6 Kf8 49. Rb8+ Ke7 50. Rb7+ Ke6 51. Rxf7 Ng3
52. Nc3 Kd6 53. Rf6+ Kd7 54. d5 Ke7 55. e4 Kd7 56. e5 Nh1 57. Rf7+ Kd8 58. d6
Ng3 59. e6 Nh1 60. Rf8# 1-0

[Event "Accademia Cup"]
[Site "Roma ITA"]
[Date "1997.??.??"]
[Round "?"]
[White "Monteleone, Antonio"]
[Black "Ciotoli, Patrizio"]
[Result "0-1"]
[WhiteElo "2195"]
[BlackElo "1956"]
[PlyCount "60"]
[EventDate "1997.??.??"]

1. d4 f5 2. Nc3 Nf6 3. Bg5 d5 4. Bxf6 exf6 5. e3 Bb4 6. Bd3 Be6 7. Qf3 Qd7 8.
Nge2 Nc6 9. Nf4 Ne7 10. O-O c6 11. Nce2 Bd6 12. Nxe6 Qxe6 13. Nf4 Bxf4 14. Qxf4
O-O-O 15. Rfc1 g6 16. c4 Qd6 17. Qf3 dxc4 18. Rxc4 Nd5 19. Rac1 Kb8 20. g3 h5
21. h4 Rdg8 22. a3 f4 23. exf4 g5 24. fxg5 fxg5 25. hxg5 Rxg5 26. Re1 Rf8 27.
Qe4 Rxg3+ 28. fxg3 Qxg3+ 29. Qg2 Qxe1+ 30. Kh2 Rf2 0-1

[Event "Accademia Cup"]
[Site "Roma ITA"]
[Date "1997.??.??"]
[Round "?"]
[White "Monteleone, Antonio"]
[Black "Franchi, Jose' Maria"]
[Result "0-1"]
[WhiteElo "2195"]
[BlackElo "1846"]
[PlyCount "37"]
[EventDate "1997.??.??"]

1. d4 d5 2. c4 dxc4 3. e3 e5 4. Bxc4 exd4 5. exd4 Nf6 6. Nf3 Be7 7. O-O O-O 8.
h3 Nbd7 9. Nc3 Nb6 10. Bb3 Nbd5 11. Re1 c6 12. Bg5 Be6 13. Qd2 Rc8 14. Rad1 Re8
15. Ne5 Qc7 16. Bc2 Bf8 17. Nxd5 Nxd5 18. Qd3 g6 19. Qf3 $138 0-1

[Event "Accademia Cup"]
[Site "Roma ITA"]
[Date "1997.??.??"]
[Round "?"]
[White "Monteleone, Antonio"]
[Black "Pasqualucci, Colombo"]
[Result "1-0"]
[WhiteElo "2195"]
[BlackElo "1800"]
[PlyCount "77"]
[EventDate "1997.??.??"]

1. d4 Nf6 2. c4 e5 3. dxe5 Ng4 4. Bf4 Nc6 5. Nf3 Bb4+ 6. Nbd2 f6 7. exf6 Qxf6
8. e3 Qxb2 9. Be2 d6 10. O-O O-O 11. Ne4 Bf5 12. Qd5+ Kh8 13. Ng3 Bc3 14. e4
Bg6 15. Qg5 Nf6 16. Rab1 Qa3 17. Rxb7 Nxe4 18. Nxe4 Bxe4 19. Rxc7 Nd8 20. Qg3
Ne6 21. Bxd6 Qxa2 22. Ng5 Qxe2 23. Nxe6 Bd3 24. Rc1 Rfe8 25. Re7 Rxe7 26. Bxe7
Be5 27. f4 Bc3 28. Bb4 Qd2 29. Qxg7+ Bxg7 30. Bxd2 a5 31. Nxg7 Kxg7 32. Rc3 Bf5
33. Kf2 a4 34. Bc1 Kf6 35. Kf3 Re8 36. g4 Be4+ 37. Kg3 Rg8 38. Bb2 Rb8 39. Rb3+
1-0

[Event "Accademia Cup"]
[Site "Roma ITA"]
[Date "1997.??.??"]
[Round "?"]
[White "Moroni, Marco"]
[Black "Andreozzi, Franco"]
[Result "1-0"]
[WhiteElo "1785"]
[BlackElo "1555"]
[PlyCount "39"]
[EventDate "1997.??.??"]

1. e4 e5 2. Nf3 Nf6 3. Nc3 Nc6 4. Bb5 Bc5 5. O-O d6 6. Be2 Nd4 7. Nxd4 exd4 8.
Nd5 Nxe4 9. d3 c6 10. dxe4 cxd5 11. exd5 O-O 12. Bd3 f5 13. Re1 Qh4 14. Qf3 Bd7
15. a3 b5 16. Bf4 b4 17. axb4 Bxb4 18. Re2 Bc5 19. Ra6 Rf6 20. Re7 $139 1-0

[Event "Accademia Cup"]
[Site "Roma ITA"]
[Date "1997.??.??"]
[Round "?"]
[White "Moroni, Marco"]
[Black "Marinelli, Franco"]
[Result "1-0"]
[WhiteElo "1785"]
[BlackElo "1522"]
[PlyCount "87"]
[EventDate "1997.??.??"]

1. e4 d6 2. d4 Nf6 3. Nc3 g6 4. Be2 Bg7 5. Be3 O-O 6. Qd2 Nc6 7. O-O-O Ng4 8.
Bxg4 Bxg4 9. f3 Bc8 10. Bh6 e5 11. Bxg7 Kxg7 12. d5 Ne7 13. h4 f5 14. h5 f4 15.
hxg6 Nxg6 16. g4 Qe7 17. Qh2 Bd7 18. Qh6+ Kg8 19. Nh3 Qg7 20. Qxg7+ Kxg7 21.
Ng5 h6 22. Ne6+ Bxe6 23. dxe6 Ne7 24. Rdg1 Rh8 25. Nb5 c6 26. Nxd6 Rab8 27. Nf7
Rh7 28. Nxe5 Ng6 29. Nxg6 Kxg6 30. Rd1 Re8 31. Rd7 Rxe6 32. Rxh7 Kxh7 33. g5
Rd6 34. Rxh6+ Rxh6 35. gxh6 Kxh6 36. Kd2 Kg5 37. Kd3 Kf6 38. Kd4 Ke6 39. c4 b6
40. b4 a6 41. a4 Kf6 42. a5 b5 43. cxb5 cxb5 44. Kc5 1-0

[Event "Accademia Cup"]
[Site "Roma ITA"]
[Date "1997.??.??"]
[Round "?"]
[White "Moroni, Marco"]
[Black "Piccioni, Marco"]
[Result "0-1"]
[WhiteElo "1785"]
[BlackElo "1537"]
[PlyCount "98"]
[EventDate "1997.??.??"]

1. e4 e5 2. Nf3 Nc6 3. Bc4 Nf6 4. d4 exd4 5. e5 Ne4 6. O-O d5 7. Bb5 Be7 8.
Nxd4 Bd7 9. Nxc6 bxc6 10. Be2 O-O 11. Nd2 Nxd2 12. Bxd2 f6 13. f4 Re8 14. b4 c5
15. c3 cxb4 16. Bd3 fxe5 17. Kh1 e4 18. Be2 Bf6 19. Qb3 bxc3 20. Qxd5+ Be6 21.
Qxd8 Raxd8 22. Be3 c5 23. Bxc5 Rd2 24. Bb5 Red8 25. Be3 c2 26. Rac1 Bb2 27.
Bxd2 Rxd2 28. Rce1 Bd5 29. Ba4 Bb7 30. Bxc2 Rxc2 31. Rd1 Kf8 32. Rd8+ Ke7 33.
Rfd1 Bc6 34. R8d2 Rxd2 35. Rxd2 Ba3 36. Rc2 Kd7 37. Kg1 Kd6 38. Rd2+ Bd5 39.
Kf1 e3 40. Rd3 Bc5 41. a3 Kc6 42. Rc3 Kb5 43. g3 Bc4+ 44. Ke1 Bd4 45. Rc2 Kc5
46. h4 e2 47. h5 Be3 48. Rb2 Kd4 49. Rb4 Kc3 0-1

[Event "Accademia Cup"]
[Site "Roma ITA"]
[Date "1997.??.??"]
[Round "?"]
[White "Moroni, Marco"]
[Black "Righetti, Gianfranco"]
[Result "1-0"]
[WhiteElo "1785"]
[BlackElo "1594"]
[PlyCount "111"]
[EventDate "1997.??.??"]

1. e4 e5 2. Nf3 d5 3. exd5 e4 4. Qe2 Qe7 5. Ng1 Nf6 6. Nc3 Nbd7 7. d3 exd3 8.
Qxe7+ Bxe7 9. Bxd3 Ne5 10. Bb5+ c6 11. dxc6 bxc6 12. Ba4 O-O 13. Nge2 Ba6 14.
O-O c5 15. Re1 Ng6 16. h3 Rab8 17. b3 c4 18. Bg5 Rfc8 19. Nf4 Bb4 20. Nxg6 hxg6
21. Bxf6 gxf6 22. Nd5 Kg7 23. Nxb4 Rxb4 24. Re7 Rb7 25. Rae1 Rcc7 26. Rxc7 Rxc7
27. Re4 cxb3 28. Bxb3 Rd7 29. Re1 Bb5 30. c4 Bc6 31. f3 a5 32. Rd1 Re7 33. Rd6
Bb7 34. Kf2 Rc7 35. Rd4 Ba6 36. a4 Rb7 37. Rd6 Rxb3 38. Rxa6 Rb4 39. Rxa5 Rxc4
40. Ra8 Rc2+ 41. Kg3 f5 42. a5 Kf6 43. f4 Rc3+ 44. Kh4 Rc4 45. Ra6+ Kg7 46. Kg5
Rc2 47. g4 fxg4 48. hxg4 Rc5+ 49. Kh4 Kf8 50. Ra8+ Ke7 51. a6 Ra5 52. a7 Kf6
53. Kg3 Ra3+ 54. Kf2 Ke7 55. Ke2 Kd7 56. Rf8 1-0

[Event "Accademia Cup"]
[Site "Roma ITA"]
[Date "1997.??.??"]
[Round "?"]
[White "Narain, Ram Deva"]
[Black "Cellucci, Alessandro"]
[Result "0-1"]
[WhiteElo "1539"]
[BlackElo "1906"]
[PlyCount "94"]
[EventDate "1997.??.??"]

1. d4 d5 2. c4 c6 3. Nf3 Nf6 4. Nc3 dxc4 5. a4 e6 6. e3 Bb4 7. Bxc4 O-O 8. O-O
Nbd7 9. Bd2 Qe7 10. Na2 Bd6 11. Bd3 e5 12. e4 exd4 13. Nxd4 Nc5 14. Bc2 Bxh2+
15. Kxh2 Qe5+ 16. Kg1 Qxd4 17. Bb4 Qxd1 18. Raxd1 b6 19. Nc3 Ba6 20. Rfe1 Rfd8
21. f3 Nd3 22. Bxd3 Bxd3 23. Be7 Rd7 24. Bxf6 gxf6 25. Kf2 Rad8 26. Ke3 Bc2 27.
Rxd7 Rxd7 28. Rc1 Bb3 29. Re1 Kg7 30. Re2 Kg6 31. Rd2 Rxd2 32. Kxd2 a5 33. Kd3
h5 34. g3 Kg5 35. Kd4 Bc2 36. Ke3 Bb3 37. Kd4 h4 38. gxh4+ Kxh4 39. f4 Kg4 40.
f5 Kf3 41. Kd3 Kf2 42. Kd2 Bc4 43. Nd1+ Kf3 44. Nc3 Kf4 45. Kc2 Ke3 46. Nd1+
Kd4 47. Nf2 Be2 0-1

[Event "Accademia Cup"]
[Site "Roma ITA"]
[Date "1997.??.??"]
[Round "?"]
[White "Narain, Ram Deva"]
[Black "De Carolis, Massimo"]
[Result "1/2-1/2"]
[WhiteElo "1539"]
[BlackElo "1666"]
[PlyCount "79"]
[EventDate "1997.??.??"]

1. d4 Nf6 2. c4 g6 3. Nc3 Bg7 4. e4 d6 5. Be2 O-O 6. Nf3 e5 7. O-O Nc6 8. d5
Ne7 9. Ne1 Ne8 10. Be3 f5 11. f3 f4 12. Bf2 h5 13. c5 g5 14. Rc1 Ng6 15. cxd6
cxd6 16. Nb5 a6 17. Na3 Nf6 18. Nc4 Kh7 19. Nb6 Rb8 20. Qb3 g4 21. Nxc8 Rxc8
22. Nd3 Qe7 23. Rc3 Rxc3 24. Qxc3 gxf3 25. Bxf3 Rf7 26. Rc1 Nxd5 27. Qe1 Nf6
28. Bb6 Qe6 29. b3 Ne7 30. Ba5 Nc6 31. Nf2 Bh6 32. Bc3 Ng4 33. h3 Nf6 34. Kh2
Bg5 35. Nd3 Nd4 36. Bxd4 exd4 37. Qa5 Rg7 38. Qb6 Kh6 39. Qxd4 Re7 40. Re1
1/2-1/2

[Event "Accademia Cup"]
[Site "Roma ITA"]
[Date "1997.??.??"]
[Round "?"]
[White "Narain, Ram Deva"]
[Black "Gaspero, Mario"]
[Result "1-0"]
[WhiteElo "1539"]
[BlackElo "1806"]
[PlyCount "154"]
[EventDate "1997.??.??"]

1. d4 d5 2. c4 e6 3. Nf3 Nf6 4. g3 Be7 5. Bg2 O-O 6. O-O Nbd7 7. Qc2 c6 8. Nbd2
b6 9. e4 Bb7 10. e5 Ne8 11. Nb3 Nc7 12. Be3 a5 13. Nbd2 c5 14. b3 cxd4 15. Bxd4
Rc8 16. Qb2 b5 17. Rfe1 b4 18. Rac1 dxc4 19. Rxc4 Nb5 20. Rxc8 Qxc8 21. Rc1 Qa8
22. Ne1 Bxg2 23. Nxg2 Qd5 24. Be3 Qxe5 25. Nc4 Qxb2 26. Nxb2 Nc3 27. Kf1 Ne5
28. Ne1 Rd8 29. Kg2 Rd5 30. Bf4 Nc6 31. Nc4 Ne2 32. Rc2 Nxf4+ 33. gxf4 Bd8 34.
Nf3 f6 35. Ne3 Rd6 36. Nc4 Rd3 37. Nb2 Rc3 38. Re2 Kf7 39. Rd2 Ke7 40. Nh4 Bc7
41. Na4 Bxf4 42. Re2 Rd3 43. Nc5 Rd2 44. Rxe6+ Kf7 45. Rxc6 Rxa2 46. Nd3 Bd2
47. Nf5 Ra3 48. Nc5 Kg6 49. Nh4+ Kh5 50. Nf3 Bc3 51. Ne6 a4 52. bxa4 b3 53.
Nf4+ Kg4 54. Nd5 b2 55. h3+ Kh5 56. Nxc3 Rxc3 57. Rb6 Ra3 58. Rxb2 Rxa4 59.
Rb5+ Kg6 60. Kg3 Ra7 61. h4 h5 62. Ng1 Kh6 63. Nh3 Ra3+ 64. f3 Ra6 65. Nf4 g5
66. hxg5+ fxg5 67. Ng2 Rf6 68. Rb4 Rg6 69. Ne3 Rf6 70. Nd5 Rc6 71. Rb6 Rxb6 72.
Nxb6 Kg6 73. Nd5 Kf5 74. Ne3+ Ke5 75. Ng2 Kf5 76. Kf2 h4 77. Ne3+ Kf4 1-0

[Event "Accademia Cup"]
[Site "Roma ITA"]
[Date "1997.??.??"]
[Round "?"]
[White "Narain, Ram Deva"]
[Black "Pasqualucci, Colombo"]
[Result "1/2-1/2"]
[WhiteElo "1539"]
[BlackElo "1800"]
[PlyCount "53"]
[EventDate "1997.??.??"]

1. d4 Nf6 2. c4 e5 3. dxe5 Ng4 4. e4 Nxe5 5. Nf3 Nbc6 6. Nxe5 Nxe5 7. Be2 Bc5
8. O-O O-O 9. a3 a5 10. Nc3 d6 11. Nd5 f5 12. Be3 fxe4 13. b4 Bxe3 14. Nxe3
axb4 15. Qd5+ Kh8 16. axb4 Rxa1 17. Rxa1 Qh4 18. Rf1 Ng6 19. Qh5 Qxh5 20. Bxh5
Nf4 21. Bd1 Nd3 22. b5 Be6 23. Bc2 h6 24. f3 Nc5 25. Bxe4 Nxe4 26. fxe4 Rxf1+
27. Kxf1 1/2-1/2

[Event "Accademia Cup"]
[Site "Roma ITA"]
[Date "1997.??.??"]
[Round "?"]
[White "Occhioni, Edmondo"]
[Black "Casella, Carlo"]
[Result "1/2-1/2"]
[WhiteElo "1741"]
[BlackElo "1516"]
[PlyCount "37"]
[EventDate "1997.??.??"]

1. e4 c6 2. d4 d5 3. exd5 cxd5 4. c4 Nf6 5. Nc3 Nc6 6. Nf3 e6 7. Bd3 Be7 8. O-O
O-O 9. Bg5 h6 10. Bh4 Nb4 11. Be2 dxc4 12. Bxc4 Nbd5 13. Re1 b6 14. a3 Bb7 15.
Qd3 Rc8 16. Ba2 Nf4 17. Qe3 N4d5 18. Qd3 Nf4 19. Qe3 1/2-1/2

[Event "Accademia Cup"]
[Site "Roma ITA"]
[Date "1997.??.??"]
[Round "?"]
[White "Occhioni, Edmondo"]
[Black "Piccioni, Marco"]
[Result "1-0"]
[WhiteElo "1741"]
[BlackElo "1537"]
[PlyCount "37"]
[EventDate "1997.??.??"]

1. e4 e5 2. f4 exf4 3. Nf3 g5 4. Bc4 d5 5. exd5 g4 6. O-O gxf3 7. Qxf3 Bc5+ 8.
Kh1 Qf6 9. d3 Ne7 10. Nc3 O-O 11. Ne4 Qg6 12. Nxc5 Nd7 13. Nxd7 Bxd7 14. Bxf4
b5 15. Bb3 c6 16. Rae1 Bg4 17. Qf2 Nxd5 18. Bxd5 cxd5 19. Re5 $139 1-0

[Event "Accademia Cup"]
[Site "Roma ITA"]
[Date "1997.??.??"]
[Round "?"]
[White "Occhioni, Edmondo"]
[Black "Wyss, Walter"]
[Result "1-0"]
[WhiteElo "1741"]
[BlackElo "2210"]
[PlyCount "57"]
[EventDate "1997.??.??"]

1. e4 Nc6 2. d4 d5 3. Nc3 e6 4. Nf3 Nf6 5. e5 Nd7 6. a3 Be7 7. Bd3 Ncb8 8. Ne2
c5 9. c3 Nc6 10. O-O c4 11. Bc2 b5 12. Ne1 f5 13. exf6 Nxf6 14. Nf3 O-O 15. Nf4
Bd6 16. Re1 Ng4 17. Nxe6 Bxe6 18. Rxe6 Nxh2 19. Ng5 h6 20. Qh5 Rf6 21. Rxf6
Qxf6 22. Nh3 Ne7 23. Bd2 Rf8 24. f4 g6 25. Qe2 g5 26. Kxh2 gxf4 27. Qf3 Rf7 28.
Rf1 Qh4 29. Kg1 1-0

[Event "Accademia Cup"]
[Site "Roma ITA"]
[Date "1997.??.??"]
[Round "?"]
[White "Pantano, Fulvio"]
[Black "Luna, Giovanni"]
[Result "1/2-1/2"]
[WhiteElo "1636"]
[BlackElo "1564"]
[PlyCount "112"]
[EventDate "1997.??.??"]

1. e4 e6 2. d4 d5 3. Nd2 Nc6 4. Ngf3 Nf6 5. e5 Ne4 6. c3 Be7 7. Bd3 Nxd2 8.
Bxd2 O-O 9. Qc2 h6 10. h4 f5 11. exf6 Bxf6 12. O-O-O e5 13. dxe5 Bxe5 14. Rde1
Bf4 15. Bxf4 Rxf4 16. Re2 Rf8 17. Ne5 Nxe5 18. Rxe5 c6 19. g3 Bg4 20. f4 Re8
21. Rhe1 Rxe5 22. Rxe5 Qb6 23. Qg2 a5 24. Qd2 Qg1+ 25. Qe1 Qxe1+ 26. Rxe1 b5
27. Bg6 Rf8 28. Re7 Bf5 29. Be8 Rf6 30. Rc7 b4 31. cxb4 axb4 32. Bxc6 Be4 33.
Be8 Kf8 34. Bh5 g6 35. Bd1 d4 36. Bb3 Rc6+ 37. Rxc6 Bxc6 38. Kd2 Bb5 39. Bc2
Kg7 40. Bd3 Bc6 41. a3 bxa3 42. bxa3 Kf6 43. Ke2 g5 44. fxg5+ hxg5 45. hxg5+
Kxg5 46. Bc4 Kf5 47. Bg8 Bb5+ 48. Kd2 Kg4 49. Bb3 Kxg3 50. Bc2 Kf3 51. Bd3 Ba4
52. Ba6 Ke4 53. Bb7+ Ke5 54. Ba6 Ke4 55. Bc4 Ke5 56. Kd3 Be8 1/2-1/2

[Event "Accademia Cup"]
[Site "Roma ITA"]
[Date "1997.??.??"]
[Round "?"]
[White "Pantano, Fulvio"]
[Black "Sebasti, Alessandro"]
[Result "0-1"]
[WhiteElo "1636"]
[BlackElo "1564"]
[PlyCount "40"]
[EventDate "1997.??.??"]

1. e4 e5 2. Nf3 Nc6 3. Bb5 d6 4. d4 Bd7 5. Nc3 a6 6. Bxc6 Bxc6 7. dxe5 Ne7 8.
O-O Ng6 9. Bg5 Qd7 10. exd6 Bxd6 11. Qe2 O-O 12. Rad1 Rae8 13. Rfe1 h6 14. Bc1
Qg4 15. h3 Qe6 16. Nd4 Qe5 17. g3 Bc5 18. Nxc6 Qxg3+ 19. Kf1 Qxh3+ 20. Kg1 Nh4
0-1

[Event "Accademia Cup"]
[Site "Roma ITA"]
[Date "1997.??.??"]
[Round "?"]
[White "Pantano, Fulvio"]
[Black "Tosoni, Augusto"]
[Result "0-1"]
[WhiteElo "1636"]
[BlackElo "2056"]
[PlyCount "42"]
[EventDate "1997.??.??"]

1. e4 c5 2. Nf3 d6 3. d4 cxd4 4. Nxd4 Nf6 5. Nc3 g6 6. Be3 Bg7 7. f3 O-O 8. Qd2
Nc6 9. O-O-O d5 10. Nxc6 bxc6 11. exd5 cxd5 12. Nxd5 Nxd5 13. Qxd5 Qc7 14. Qc5
Qb7 15. Bd4 Bf5 16. Qa3 Rac8 17. c3 Bh6+ 18. Rd2 e5 19. Bxe5 Rfd8 20. f4 Qe4
21. Rd6 Qc2# 0-1

[Event "Accademia Cup"]
[Site "Roma ITA"]
[Date "1997.??.??"]
[Round "?"]
[White "Pasqualucci, Colombo"]
[Black "Guglielmi, Dante"]
[Result "1/2-1/2"]
[WhiteElo "1800"]
[BlackElo "1651"]
[PlyCount "58"]
[EventDate "1997.??.??"]

1. e4 c5 2. c3 d5 3. exd5 Qxd5 4. d4 e6 5. Nf3 Nf6 6. Bd3 Be7 7. O-O Nc6 8. Re1
O-O 9. Bf4 b6 10. Na3 Bb7 11. Nb5 Rac8 12. c4 Qd8 13. d5 exd5 14. Bf5 d4 15.
Bxc8 Bxc8 16. Ne5 Nxe5 17. Bxe5 a6 18. Na3 Bb7 19. f3 Qd7 20. Qd3 Qc6 21. Qf5
Bc8 22. Qg5 Be6 23. Re4 h6 24. Qg3 Nh5 25. Qf2 Bg5 26. Rd1 Qxe4 27. fxe4 Be3
28. Qxe3 dxe3 29. Re1 Rd8 1/2-1/2

[Event "Accademia Cup"]
[Site "Roma ITA"]
[Date "1997.??.??"]
[Round "?"]
[White "Pasqualucci, Colombo"]
[Black "Imbrogno, Rinaldo"]
[Result "1/2-1/2"]
[WhiteElo "1800"]
[BlackElo "1929"]
[PlyCount "58"]
[EventDate "1997.??.??"]

1. e4 d6 2. d4 Nf6 3. Nc3 c6 4. Be3 Nbd7 5. f3 e5 6. Bc4 Be7 7. d5 Nb6 8. Bb3
O-O 9. Nge2 Bd7 10. dxc6 bxc6 11. O-O Be6 12. f4 Ng4 13. Bd2 Nc4 14. Bxc4 Qb6+
15. Kh1 Bxc4 16. Qe1 Ne3 17. Bxe3 Qxe3 18. Rf3 Qb6 19. b3 Be6 20. Ng3 Bh4 21.
fxe5 dxe5 22. Na4 Qc7 23. Qc3 Rad8 24. Nf5 Bf6 25. Nc5 Bc8 26. Raf1 Bxf5 27.
Rxf5 Rd6 28. Qg3 Rfd8 29. Nd3 Qe7 1/2-1/2

[Event "Accademia Cup"]
[Site "Roma ITA"]
[Date "1997.??.??"]
[Round "?"]
[White "Pasqualucci, Colombo"]
[Black "Melega, Gianluigi"]
[Result "1-0"]
[WhiteElo "1800"]
[BlackElo "1513"]
[PlyCount "77"]
[EventDate "1997.??.??"]

1. e4 e6 2. Nf3 c5 3. d4 cxd4 4. Nxd4 Bc5 5. Nb3 Bb6 6. Bd3 Nc6 7. O-O Ne5 8.
Be2 Ng6 9. Nc3 a6 10. Kh1 Bc7 11. f4 b6 12. Qd4 Qf6 13. e5 Qh4 14. Bf3 Rb8 15.
Ne4 Bb7 16. Nd6+ Bxd6 17. Qxd6 Rd8 18. Bxb7 N8e7 19. Qxb6 O-O 20. Qf2 Nf5 21.
Qxh4 Ngxh4 22. Bxa6 d5 23. Bd3 h5 24. Bd2 d4 25. a4 Ne3 26. Bxe3 dxe3 27. Rfe1
Nf5 28. Bxf5 exf5 29. Rxe3 Rb8 30. a5 Rfd8 31. h3 Rdc8 32. Re2 Rc4 33. Rf2 h4
34. a6 Rc7 35. Rd2 Ra8 36. c3 Kh7 37. Nd4 g6 38. e6 Raa7 39. Nb5 1-0

[Event "Accademia Cup"]
[Site "Roma ITA"]
[Date "1997.??.??"]
[Round "?"]
[White "Pasqualucci, Colombo"]
[Black "Russi, Roberto"]
[Result "1-0"]
[WhiteElo "1800"]
[BlackElo "1651"]
[PlyCount "45"]
[EventDate "1997.??.??"]

1. e4 g6 2. d4 d6 3. Nc3 Bg7 4. Be3 Nc6 5. Qd2 Nf6 6. f3 O-O 7. h4 h5 8. O-O-O
e5 9. d5 Ne7 10. Bh6 a5 11. Nh3 Nh7 12. Bxg7 Kxg7 13. Be2 f5 14. exf5 Nxf5 15.
Ne4 Qxh4 16. g4 hxg4 17. Nhg5 Nxg5 18. Rxh4 Nxe4 19. fxe4 Nxh4 20. Rh1 Rh8 21.
Qg5 Rh5 22. Qe7+ Kh6 23. Rxh4 1-0

[Event "Accademia Cup"]
[Site "Roma ITA"]
[Date "1997.??.??"]
[Round "?"]
[White "Perotti, Germano"]
[Black "Piacentini, Carlo"]
[Result "1/2-1/2"]
[WhiteElo "1717"]
[BlackElo "1680"]
[PlyCount "89"]
[EventDate "1997.??.??"]

1. d4 Nf6 2. c4 g6 3. Nc3 d5 4. Nf3 Bg7 5. cxd5 Nxd5 6. e4 Nxc3 7. bxc3 c5 8.
Rb1 Qa5 9. Be2 cxd4 10. O-O dxc3 11. Bb5+ Bd7 12. Bxd7+ Nxd7 13. Rxb7 Rd8 14.
Qb3 O-O 15. Ba3 Nc5 16. Bxc5 Qxc5 17. Qc2 Rb8 18. Rfb1 Rxb7 19. Rxb7 Rd8 20. h3
Qd6 21. Rb1 a5 22. Rc1 Rb8 23. e5 Bxe5 24. Nxe5 Qxe5 25. Qxc3 Qxc3 26. Rxc3 Rb4
27. g3 a4 28. Kg2 Kg7 29. Kf3 Kf6 30. Ke3 Ke5 31. f4+ Kd5 32. Rc7 Rb2 33. Rxe7
Rxa2 34. Rxf7 Kc4 35. Rxh7 Rb2 36. g4 a3 37. Ra7 a2 38. f5 gxf5 39. gxf5 Kb3
40. f6 Rb1 41. Rxa2 Kxa2 42. Ke4 Kb3 43. Kf5 Kc4 44. Ke6 Re1+ 45. Kd6 1/2-1/2